<?xml version="1.0" encoding="UTF-8"?>
<collection xmlns="http://www.loc.gov/MARC21/slim">
<record>
  <controlfield tag="001">126600</controlfield>
  <controlfield tag="005">20240731103356.0</controlfield>
  <datafield tag="024" ind1="7" ind2=" ">
    <subfield code="2">doi</subfield>
    <subfield code="a">10.21134/rpcna.2023.10.1.8</subfield>
  </datafield>
  <datafield tag="024" ind1="8" ind2=" ">
    <subfield code="2">sideral</subfield>
    <subfield code="a">134094</subfield>
  </datafield>
  <datafield tag="037" ind1=" " ind2=" ">
    <subfield code="a">ART-2023-134094</subfield>
  </datafield>
  <datafield tag="041" ind1=" " ind2=" ">
    <subfield code="a">spa</subfield>
  </datafield>
  <datafield tag="100" ind1=" " ind2=" ">
    <subfield code="a">Navarro Haro, María V.</subfield>
    <subfield code="u">Universidad de Zaragoza</subfield>
    <subfield code="0">(orcid)0000-0001-9726-3250</subfield>
  </datafield>
  <datafield tag="245" ind1=" " ind2=" ">
    <subfield code="a">Revisión de revisiones sobre la eficacia de los tratamientos psicológicos para adolescentes con trastorno de la personalidad límite</subfield>
  </datafield>
  <datafield tag="260" ind1=" " ind2=" ">
    <subfield code="c">2023</subfield>
  </datafield>
  <datafield tag="506" ind1="0" ind2=" ">
    <subfield code="a">Access copy available to the general public</subfield>
    <subfield code="f">Unrestricted</subfield>
  </datafield>
  <datafield tag="520" ind1="3" ind2=" ">
    <subfield code="a">La literatura científica señala que es importante llevar a cabo una intervención psicológica temprana en el trastorno de la personalidad límite (TPL) debido a que en la adolescencia es cuando se observa un mayor auge de los síntomas graves. Sin embargo, existe poca literatura científica sobre qué tratamientos psicológicos son más eficaces para esta población. El objetivo de este trabajo es realizar una revisión de revisiones sobre los datos de eficacia de los tratamientos psicológicos para adolescentes con rasgos o diagnóstico de TPL o desregulación emocional. Se seleccionaron revisiones que evaluaran la eficacia de tratamientos psicológicos en adolescentes (entre 12 y 19 años) con esta problemática. Se realizó una búsqueda de literatura científica en diversas bases de datos (Web of Science, PsycInfo, Pubmed, Dialnet) y se incluyeron un total de 5 revisiones. Resultados: La Terapia Dialéctica Comportamental para adolescentes (DBT-A) y la Terapia Basada en la Mentalización para adolescentes (MBT-A) han demostrado su eficacia para reducir la ideación suicida, los síntomas de TPL, los niveles de ansiedad y depresión, así como mejorar la adaptación social y la calidad de vida después de la intervención. Sin embargo, algunas revisiones sugieren que la MBT-A podría no ser tan efectiva debido a las altas tasas de abandonos. Las intervenciones psicológicas con más evidencia consiguen reducir los síntomas más graves y mejorar la calidad de vida de los adolescentes con este problema. Es fundamental intervenir lo antes posible, lo que ayudará a prevenir el desarrollo y cronicidad de un trastorno grave y difícil de tratar.</subfield>
  </datafield>
  <datafield tag="536" ind1=" " ind2=" ">
    <subfield code="9">info:eu-repo/grantAgreement/ES/UZ/JIUZ-2021-SOC-11</subfield>
  </datafield>
  <datafield tag="540" ind1=" " ind2=" ">
    <subfield code="9">info:eu-repo/semantics/openAccess</subfield>
    <subfield code="a">by-nc-nd</subfield>
    <subfield code="u">http://creativecommons.org/licenses/by-nc-nd/3.0/es/</subfield>
  </datafield>
  <datafield tag="592" ind1=" " ind2=" ">
    <subfield code="a">0.685</subfield>
    <subfield code="b">2023</subfield>
  </datafield>
  <datafield tag="593" ind1=" " ind2=" ">
    <subfield code="a">Clinical Psychology</subfield>
    <subfield code="c">2023</subfield>
    <subfield code="d">Q2</subfield>
  </datafield>
  <datafield tag="593" ind1=" " ind2=" ">
    <subfield code="a">Developmental and Educational Psychology</subfield>
    <subfield code="c">2023</subfield>
    <subfield code="d">Q2</subfield>
  </datafield>
  <datafield tag="593" ind1=" " ind2=" ">
    <subfield code="a">Psychiatry and Mental Health</subfield>
    <subfield code="c">2023</subfield>
    <subfield code="d">Q2</subfield>
  </datafield>
  <datafield tag="593" ind1=" " ind2=" ">
    <subfield code="a">Pediatrics, Perinatology and Child Health</subfield>
    <subfield code="c">2023</subfield>
    <subfield code="d">Q2</subfield>
  </datafield>
  <datafield tag="593" ind1=" " ind2=" ">
    <subfield code="a">Experimental and Cognitive Psychology</subfield>
    <subfield code="c">2023</subfield>
    <subfield code="d">Q2</subfield>
  </datafield>
  <datafield tag="594" ind1=" " ind2=" ">
    <subfield code="a">4.4</subfield>
    <subfield code="b">2023</subfield>
  </datafield>
  <datafield tag="655" ind1=" " ind2="4">
    <subfield code="a">info:eu-repo/semantics/article</subfield>
    <subfield code="v">info:eu-repo/semantics/publishedVersion</subfield>
  </datafield>
  <datafield tag="710" ind1="2" ind2=" ">
    <subfield code="1">4009</subfield>
    <subfield code="2">680</subfield>
    <subfield code="a">Universidad de Zaragoza</subfield>
    <subfield code="b">Dpto. Psicología y Sociología</subfield>
    <subfield code="c">Área Person.Eval.Trat.Psicoló.</subfield>
  </datafield>
  <datafield tag="773" ind1=" " ind2=" ">
    <subfield code="g">10, 1 (2023), 91-98</subfield>
    <subfield code="p">Rev. psicol. clín. niños adolesc.</subfield>
    <subfield code="t">REVISTA DE PSICOLOGIA CLINICA CON NINOS Y ADOLESCENTES</subfield>
    <subfield code="x">2340-8340</subfield>
  </datafield>
  <datafield tag="856" ind1="4" ind2=" ">
    <subfield code="s">188177</subfield>
    <subfield code="u">http://zaguan.unizar.es/record/126600/files/texto_completo.pdf</subfield>
    <subfield code="y">Versión publicada</subfield>
  </datafield>
  <datafield tag="856" ind1="4" ind2=" ">
    <subfield code="s">2528228</subfield>
    <subfield code="u">http://zaguan.unizar.es/record/126600/files/texto_completo.jpg?subformat=icon</subfield>
    <subfield code="x">icon</subfield>
    <subfield code="y">Versión publicada</subfield>
  </datafield>
  <datafield tag="909" ind1="C" ind2="O">
    <subfield code="o">oai:zaguan.unizar.es:126600</subfield>
    <subfield code="p">articulos</subfield>
    <subfield code="p">driver</subfield>
  </datafield>
  <datafield tag="951" ind1=" " ind2=" ">
    <subfield code="a">2024-07-31-09:56:43</subfield>
  </datafield>
  <datafield tag="980" ind1=" " ind2=" ">
    <subfield code="a">ARTICLE</subfield>
  </datafield>
</record>
</collection>